Songs that start with E by lyrics - Statistics

General Stats
  • This quiz has been taken 18 times
    11 since last reset
  • The average score is 5 of 16
Answer Stats
Hint Answer % Correct
"Last night the word came down, ten dead in Chinatown. Innocent, their only crime was being in the wrong place, at the wrong time." (Queensryche) Empire
67%
"I used to cop in Harlem, hola, my Dominicanos (dímelo). Right there up on Broadway, brought me back to that McDonald's." (JayZ and Alicia Keys) Empire State of Mind
67%
"All I ever wanted, All I ever needed Is here in my arms. Words are very unnecessary, They can only do harm." (Depeche Mode) Enjoy the Silence
67%
"Thoughts arrive like butterflies. He don't know, so he chases them away. Someday, he'll begin his life again." (Pearl Jam) Even Flow
56%
"Know it sounds funny, But I just can't stand the pain. Girl, I'm leaving you tomorrow." (The Commodores) Easy
44%
"Don't try to change her, just leave her. You're not the only one 'Cause seeing is believing. Its the only way you'll ever know." (Phil Collins and Phillip Bailey) Easy Lover
44%
"Can you hear me calling out your. You know I've fallen and I don't know what to say." (Fleetwood Mac) Everywhere
44%
" You want it all but you can't have it. It's in your face but you can't grab it. (Faith No More) Epic
33%
"Now I hear you found somebody new, and that I never meant that much to you. To hear that tears me up inside and to see you cuts me like a knife." (Poison) Every Rose Has Its Thorn
33%
"And the days go by Like a strand in the wind In the web that is my ownI begin again." (Stevie Nicks) Edge of Seventeen
22%
"Blacker than night were the eyes of Feleena, Wicked and evil while casting a spell. My love was deep for this Mexican maiden.I was in love, but in vain, I could tell" (Marty Robbins) El Paso
22%
"Oh, I had a dream. For a moment I believed it was true. Oh, I'd have given anything Just to be there with you.Are you hiding Somewhere behind those eyes?"(icehouse) Electric Blue
11%
"All that I can do, is locewhat was once so alive in you. But it's gone from your eyes. I better realize." (Billy Idol) Eyes Without a Face
11%
"Your eyes got me dreamin. Your eyes got me blind. Your eyes got me hopin." (Bob Welch) Ebony Eyes
0%
"A study made from winter of summers long ago. And dreams that used to glitter are safely now hidden under snow." (Savatage) Edge of Thorns
0%
"Eyes that look like Heaven, lips like cherry wine.That girl can sure enough make my little light shine." (Oak Ridge Boys) Elvira
0%
No matching quizzes found
Score Distribution
Percent of People with Each Score
Percentile by Number Answered
Your Score History
You have not taken this quiz since the last reset